Score 0/22 Timer 10:00
0 Plays Today
Show Character/s % Correct
Pawn StarsRick
77.8%
American Pickers Mike
77.8%
Pawn StarsChumlee
74.1%
Pawn StarsOld Man
74.1%
Myth BustersAdam
63%
Myth BustersJamie
59.3%
American Pickers Frank
51.9%
Dirty JobsMike Rowe
51.9%
Pawn StarsBig Hoss
44.4%
Man Vs. WildBear Grylls
40.7%
River MonstersJeremy Wade
29.6%
Show Character/s % Correct
Mountain MenEustace
25.9%
Mountain MenTom
25.9%
Mountain MenMarty
22.2%
Dual SurvivalCody Lundin
11.1%
Dual SurvivalDave Canterbury
7.4%
3.7%
3.7%
3.7%
3.7%
3.7%
3.7%
Remove Ads.
Support Sporcle.
Get the best of Sporcle when you Go Orange. This ad-free experience offers more features, more stats, and more fun while also helping to support Sporcle. Thank you for becoming a member.

You're not logged in!

Compare scores with friends on all Sporcle quizzes.
OR
Log In

Show Comments

Extras

Top Quizzes Today


Score Distribution

Your Account Isn't Verified!

In order to create a playlist on Sporcle, you need to verify the email address you used during registration. Go to your Sporcle Settings to finish the process.

Report this User

Report this user for behavior that violates our Community Guidelines.

Details: